Statistics for 64 Chess Openings - Hard

Click here to take the quiz!

General Stats

  • This quiz has been taken 78 times
  • The average score is 20 of 64

Answer Stats

OpeningAnswer% Correct
1.c4English Opening
79%
1.f4Bird's Opening
62%
1.g4Grob's Attack
59%
1.e4 e5 2.Ke2Bongcloud Attack
57%
1.d4 d5 2.c4 dxc4Queen's Gambit Accepted
57%
1.d4 f5Dutch Defence
54%
1.f3 e6 2.g4 Qh4#Fool's Mate
54%
1.d4 e5Englund Gambit
51%
1.e4 e5 2.f4King's Gambit
51%
1.e4 Nf6Alekhine Defence
49%
1.b4Polish Opening
48%
1.d4 d5 2.c4 c6Slav Defence
48%
1.e4 e5 2.Nf3 Nf6Petrov Defence
41%
1.e4 e5 2.Nf3 Nc6 3.Bb5Ruy Lopez
41%
1.d4 Nf6 2.Bg5Trompowsky Attack
41%
1.e4 e6 2.d4 d5 3.e5French Defence Advance Variation
39%
1.e4 c5 2.c3Sicilian Alapin
39%
1.e4 e5 2.Nc3Vienna Game
39%
1.e4 e5 2.Qh5 Nc6 3.Bc4 Nf6 4.Qxf7#Scholar's Mate
38%
1.e4 c6 2.d4 d5 3.e5Caro-Kann Advance Variation
36%
1.d4 g6Modern Defence
36%
1.e4 e5 2.Nf3 Nc6 3.Bb5 Nf6Berlin Defence
34%
1.e4 e5 2.Nf3 d6Philidor Defence
33%
1.e4 e5 2.Nf3 Nc6 3.c3Ponziani Opening
33%
1.e4 e5 2.d4 exd4 3.c3Danish Gambit
30%
1.e4 e5 2.Nf3 Nc6 3.Bc4 Nf6 4.Ng5Fried Liver Attack
30%
1.Nf3 d5 2.c4Reti Opening
30%
1.a4Ware Opening
30%
1.d4 Nf6 2.c4 e5Budapest Gambit
28%
1.d4 Nf6 2.c4 e6 3.g3Catalan Opening
28%
1.e4 e5 2.Nf3 f6Damiano Defence
28%
1.e4 c5 2.Nc3 Nc6 3.f4Grand Prix Attack
28%
1.e4 d6 2.d4 Nf6 3.Nc3 g6Pirc Defence
28%
1.d4 Nf6 2.c4 c5 3.d5 b5Benko Gambit
26%
1.d4 Nf6 2.c4 g6 3.Nc3 d5Grunfeld Defence
26%
1.d4 Nf6 2.c4 e6 3.Nc3 Bb4Nimzo-Indian Defence
26%
1.e4 c5 2.Nf3 Nc6 3.Bb5Sicilian Rossolimo
26%
1.e4 c5 2.d4 cxd4 3.c3Smith-Morra Gambit
26%
1.d4 d5 2.c4 Nc6Chigorin Defence
25%
1.e4 e5 2.Nf3 Nc6 3.Bc4 Bc5 4.b4Evans Gambit
25%
1.h4Kadas Opening
25%
1.e4 e5 2.Nf3 f5Latvian Gambit
25%
1.e4 b6Owen's Defence
25%
1.e4 a6St George Defence
25%
1.d4 d5 2.e4Blackmar-Diemer Gambit
23%
1.d4 Nf6 2.c4 e6 3.Nf3 Bb4+Bogo-Indian Defence
23%
1.d4 Nf6 2.c4 g6King's Indian Defence
23%
1.d4 Nf6 2.c4 d5Marshall Defence
23%
1.d4 Nf6 2.c4 e6 3.Nf3 b6Queen's Indian Defence
23%
1.e4 e5 2.Nf3 d5Elephant Gambit
21%
1.g3Hungarian Opening
21%
1.e4 c6 2.d4 d5 3.exd5 cxd5 4.c4Panov Attack
20%
1.e4 c5 2.Nf3 d6 3.d4 cxd4 4.Nxd4 Nf6 5.Nc3 g6Sicilian Dragon
20%
1.e4 c5 2.Nf3 d6 3.d4 cxd4 4.Nxd4 Nc6 5.Nc3 a6Sicilian Najdorf
18%
1.e4 d5 2.Nf3Tennison Gambit
18%
1.e4 c6 2.Nc3 d5 3.Qf3Caro-Kann Goldman Variation
11%
1.e4 d5 2.exd5 Nf6 3.c4 e6Icelandic Gambit
11%
1.d4 d5 2.c4 e6 3.Nc3 Bb4 4.Nf3 Nf6Ragozin Defence
11%
1.e4 e5 2.Nf3 Nc6 3.Bc4 Nd4Blackburne Shilling Gambit
10%
1.e4 c6 2.d4 d5 3.Nc3 dxe4 4.Nxe4 Nf6 5.Nxf6 exf6Caro-Kann Tartakower Variation
10%
1.d4 d5 2.c4 e6 3.Nc3 Nf6 4.Nf3 c5Semi-Tarrasch Defence
10%
1.e4 c6 2.d4 d5 3.Nc3 dxe4 4.Nxe4 Nf6 5.Nxf6 gxf6Bronstein-Larsen Variation
7%
1.e4 c5 2.Nf3 e6 3.d4 cxd4 4.Nxd4 Nc6Sicilian Taimanov
7%
1.e4 e5 2.Nf3 Nc6 3.d4 exd4 4.Nxd4 Qh4Scotch Game Steinitz Variation
5%

Score Distribution

Percentile by Number Answered

Percent of People with Each Score

Your Score History

You have not taken this quiz